000 00871nam a2200193Ii 4500
003 JO-AjNU
008 230605s9999||||xx |||||||||||||| ||und||
040 _aJO-AjNU
_bara
_erda
_cJO-AjNU
041 _aara
050 1 4 _aHG8745.M87.2012
100 3 _aمؤسسة ضمان الودائع (عمان، الأردن) ,
_eauthor
_945686
245 0 0 _aالتقرير السنوي لمؤسسة ضمان الودائع للعام 2012
264 3 1 _aعمان: مؤسسة ضمان الودائع، 2012
300 _aمتعدد الترقيم
336 _atext
_btxt
_2rdacontent
337 _aunmediated
_bn
_2rdamedia
338 _avolume
_bnc
_2rdacarrier
650 4 _aبنوك -- الأردن -- تقارير سنوية -- ودائع مصرفية -- بنوك تجارية -- مؤسسة ضمان الودائع (عمان، الأردن) -- تقارير سنوية
_945687
999 _aA19822
_c23390
_d23390